Hluk

Bibliographic Details
Main Author: Kucbelová, Katarína, 1979- (Author)
Format: Article
Language:Slovak
ISSN:0231-6714
Subjects:

MARC

LEADER 00000nab a2200000 a 4500
001 vtls010177804
003 SK-MaSNL
005 20260304155543.0
008 250507c2010 xo ||||||||||||00 b|slo
015 |a SNBRB2010/10  |2 snkbucl 
035 |a (uuid)404c4743-e02f-42ef-b464-35edc34f6df1 
035 |a urn:nbn:sk:snk-abc6be 
035 |a (urnnbn)urn:nbn:sk:snk:ar-0000np 
038 |a SNKBUCL 
040 |a SNKBUCL  |b slo  |c SNKBUCL  |e AACR2 
041 0 |a slo 
044 |a xo  |c SK 
080 |a 821.162.4-1  |2 2001 
100 1 |a Kucbelová, Katarína,  |d 1979-  |4 aut  |9 98769 
245 1 0 |a Hluk  |c Katarína Kucbelová 
650 0 7 |a slovenská poézia  |2 snkbucl  |9 215422 
773 0 |t Romboid  |g Roč. XLV, č. 5-6 (2010), s. 3-5  |x 0231-6714 
850 |a Slovenská národná knižnica 
852 |a Slovenská národná knižnica 
958 |a article15 
958 |a OND 
958 |a LX 
958 |a SK 
958 |a EUIPO 
999 |c 2963045  |d 2964975